Canelobre: América en los informes de Jorge Juan
保存先:
| 第一著者: | |
|---|---|
| フォーマット: | 図書 |
| 言語: | スペイン語 |
| 出版事項: |
Alicante
CEE Limencop
2000
|
| 主題: | |
| タグ: |
タグ追加
タグなし, このレコードへの初めてのタグを付けませんか!
|
MARC
| LEADER | 00000nam a2200000 a 4500 | ||
|---|---|---|---|
| 001 | UCH0791 | ||
| 003 | CL-VaPUC | ||
| 008 | 090326e20000000SP |||||||||||||||||spa|d | ||
| 082 | 0 | 4 | |a 910.41 |b MAR |2 21 |
| 100 | |a Martínez Almira, María Magdalena |e autora |9 535131 | ||
| 245 | 1 | 0 | |a Canelobre: América en los informes de Jorge Juan |
| 300 | |a pag. irreg | ||
| 942 | |c BK | ||
| 945 | |d 20090326 00:00:00 |a rbrito | ||
| 260 | |a Alicante |b CEE Limencop |c 2000 | ||
| 600 | 0 | |a Juan, Jorge |d 1713-1773 |9 858495 | |
| 650 | 0 | |a Expediciones científicas |y Siglo 18 |9 323521 | |
| 651 | 0 | |a España |9 254926 | |
| 583 | |a last modification |c 20090326 00:00:00 |k Rodrigo Vera | ||
| 999 | |c 333026 |d 333024 | ||
| 952 | |0 0 |1 0 |2 ddc |4 0 |6 910_410000000000000_MAR_2000 |7 0 |8 A |9 421154 |a BIBDER |b BIBDER |d 2019-11-22 |i 4527798 |o 910.41 MAR 2000 |p 4527798 |r 2023-01-25 |w 2019-11-22 |y MX |k DER | ||